000 00864nam a22002531c 4500
001 a987695509
008 050919s1992 gw a||| 000u ger d
020 _a3412110914
_93-412-11091-4
041 _ager
100 1 _aKegel, Johann Karl Ehrenfried
245 0 0 _aForschungsreise nach Kamtschatka :
_bReisen und Erlebnisse des Johann Karl Ehrenfried Kegel von 1841 bis 1847 ; Erstveröffentlichung eines verschollenen Manuskriptes des Johann Karl Ehrenfried Kegel
264 _aKöln ; Weimar ; Wien :
_bBöhlau,
_c1992
300 _aXIX, 440 Seiten ; Illustrationen
648 0 _a1841-1847
650 0 _aReisebericht
650 0 _aForschungsreise
650 0 _aExpedition
651 0 _aHalbinsel Kamtschatka
651 0 _aRussland
700 1 _aGülden, Werner Friedrich
_eHerausgeberIn
942 _cMG
040 _cRU-10907106
003 RU-10907106
999 _c32086
_d32086